Ricostruisci la Carriera del Calciatore - Joe Hart - Statistics

Statistiche generali
  • Questo quiz è stato fatto 4 volte
  • Il punteggio medio è 4 su 12
Statistiche sulle risposte
Hint Risposta % Corretto
2021- Celtic
100%
2010-2016 Manchester City
100%
2007 Blackpool
67%
2016-2017 Torino
67%
2009-2010 Birmingham City
33%
2018-2020 Burnley
33%
2017-2018 West Ham Utd
33%
2006-2007 Manchester City
0%
2007-2009 Manchester City
0%
2003-2006 Shrewsbury Town
0%
2020-2021 Tottenham
0%
2007 Tranmere
0%
Nessun quiz corrispondente trovato
Distribuzione punteggi
Percentuale di utenti per punteggio
Percentile per numero di risposta
I tuoi punteggi nel tempo
Non hai fatto questo quiz